| 000 | 00336nam a22001457a 4500 | ||
|---|---|---|---|
| 003 | SGT | ||
| 020 | _a978-81-312-5003-7 | ||
| 082 |
_a612 _bM18K |
||
| 100 | _aKHURANA, INDU | ||
| 245 | _aMEDICAL PHYSIOLOGY FOR UNDERGRADUATE STUDENTS | ||
| 250 | _a2ND | ||
| 260 |
_aINDIA _bELSEVIER PUB. _c2018 |
||
| 300 | _a926 | ||
| 942 |
_2ddc _cBK _0117 |
||
| 999 |
_c17005 _d17005 |
||